Clásicos de la criminología (Registro nro. 5164)
[ vista simple ]
| 000 -CABECERA | |
|---|---|
| campo de control de longitud fija | 00647aam a2200241 4500 |
| 005 - FECHA Y HORA DE ACTUALIZACIÓN | |
| campo de control | 20161213120242.0 |
| 008 - LONGITUD FIJA | |
| campo de control de longitud fija | 150506b xxu||||| |||| 00| 0 spa d |
| 041 ## - IDIOMA | |
| Código de idioma del texto/pista de sonido o título separado | |
| 082 ## - CLASIFICACIÓN DECIMAL DEWEY | |
| Número de clasificación | 364 R696cl |
| 100 ## - AUTOR PERSONAL | |
| Nombre de persona | Rodríguez Manzanera, Luis |
| 245 ## - TÍTULO PROPIAMENTE DICHO | |
| Título | Clásicos de la criminología |
| 260 ## - PIE DE IMPRENTA | |
| Lugar de publicación, distribución, etc. | México |
| Nombre del editor, distribuidor, etc. | UBIJUS |
| Fecha de publicación, distribución, etc. | 2006 |
| 300 ## - DESCRIPCIÓN FÍSICA | |
| Extensión | 346 páginas |
| 650 ## - Materia General | |
| Materia general | CRIMINOLOGÍA |
| 650 ## - Materia General | |
| Materia general | DESIGUALDAD |
| 650 ## - Materia General | |
| Materia general | PRISIONES |
| 650 ## - Materia General | |
| Materia general | MEDICINA LEGAL |
| 650 ## - Materia General | |
| Materia general | DERECHO PENAL |
| 650 ## - Materia General | |
| Materia general | ATAUISMO |
| 650 ## - Materia General | |
| Materia general | SOCIOLOGÍA CRIMINAL |
| 650 ## - Materia General | |
| Materia general | DELITO |
| 942 ## - Punto de Acceso Adicional Koha | |
| Tipo de ítem Koha | Libro |
No hay ítems disponibles.